000 00409nam a2200157Ia 4500
003 Ost
005 20260225132557.0
008 260225s9999||||xx |||||||||||||| ||und||
040 _cfsic
041 _afre
082 _a302.23
100 _aFouad Bouguetta
_eAuteur
245 0 _aLa Société de l'information, les organisations et le plan de communication /
245 0 _cFouad Bouguetta
942 _cكتاب
999 _c34506
_d34506